[Event "Leo_cx-2"]
[Site "http://www.queenalice.com/game.php?id=1108957"]
[Date "2012.10.3"]
[Round "2"]
[White "Belle1996"]
[Black "Scorch"]
[Result "0-1"]
[WhiteElo "1136"]
[BlackElo "1232"]

1. e4 e5 2. d3 d6 3. Nf3 f6 4. g3 Nc6 5. Bg2 Nge7 6. O-O g5 7. Nc3 Be6 8. Bd2 h6
9. Qe2 Nd4 10. Qe3 Nec6 11. Rac1 Bg4 12. Nxd4 Nxd4 13. f3 Bh5 14. Nd5 c6 15. c3
Bxf3 16. Bxf3 cxd5 17. cxd4 b5 18. Bc3 exd4 19. exd5+ Kf7 20. Bxd4 Bg7 21. Bg4
h5 22. Bxh5+ Rxh5 23. g4 Rh6 24. Rce1 Qd7 25. Qg3 Rh4 26. Be3 Rxg4 27. Qg2 Rxg2+
28. Kxg2 a5 29. Rc1 Rc8 30. Bd4 Qg4+ 31. Kh1 Rxc1 32. Rxc1 Qxd4 33. Rc7+ Kg6 34.
Rb7 Qxd5+ 35. Kg1 Qxa2 36. Rxb5 a4 37. Rb4 f5 38. Rb6 f4 39. h3 Bd4+ 40. Kg2
Bxb6 41. Kf3 Qxb2 42. Ke4 Qe5+ 43. Kf3 a3 44. h4 gxh4 45. Kg4 Qg5+ 46. Kh3 Qg3#
0-1

[Event "this is for real..."]
[Site "http://www.queenalice.com/game.php?id=1112719"]
[Date "2012.10.15"]
[Round "-"]
[White "Scorch"]
[Black "emp_com"]
[Result "0-1"]
[WhiteElo "1234"]
[BlackElo "1679"]

1. e4 c5 2. d4 cxd4 3. Qxd4 Nc6 4. Qe3 Nf6 5. c4 e5 6. f3 Nd4 7. Bd3 Bc5 8. Nc3
Nc2+ 9. Kf2 Bxe3+ 10. Bxe3 Nxe3 11. Kxe3 Qb6+ 12. Kd2 Qxb2+ 13. Ke3 Qxa1 14. Kd2
Qb2+ 15. Ke3 Qxg2 16. Nge2 Qxh1 17. a4 a6 18. Ng3 Qc1+ 19. Kf2 Qxc3 20. Ke2 d6
21. Nf5 Bxf5 22. exf5 Rc8 0-1

[Event "Challenge"]
[Site "http://www.queenalice.com/game.php?id=1126613"]
[Date "2012.11.28"]
[Round "-"]
[White "Scorch"]
[Black "emp_com"]
[Result "0-1"]
[WhiteElo "1244"]
[BlackElo "1681"]

1. e4 c5 2. Bc4 e6 3. Nc3 a6 4. d4 b5 5. Bd3 cxd4 6. Nce2 e5 7. f4 Nc6 8. Nf3
exf4 9. Nfxd4 Qh4+ 10. Kd2 Nxd4 11. c3 Nxe2 12. Bxe2 Bb7 13. Bf3 Nf6 14. Qe1 Qh6
15. Kc2 Rc8 16. g4 Qg6 17. Bxf4 Nxe4 18. h4 Be7 19. h5 Qe6 20. Qe3 Bc5 21. Qd3
Nf2 22. Qf1 Bxf3 23. Rg1 Qe4+ 24. Kb3 Qxf4 25. c4 Qe3+ 26. Kc2 Be4+ 0-1

[Event "BR OPEN"]
[Site "http://www.queenalice.com/game.php?id=1127120"]
[Date "2012.11.30"]
[Round "1"]
[White "Neele"]
[Black "Scorch"]
[Result "1-0"]
[WhiteElo "1096"]
[BlackElo "1240"]

1. d4 d5 2. Bg5 f6 3. Bf4 Nc6 4. Nf3 e6 5. Qd3 Nge7 6. Nfd2 g5 7. Bg3 Nf5 8. e3
h5 9. Nc3 Nb4 10. Qb5+ Bd7 11. Qxb7 Rb8 12. Qxa7 Nxc2+ 13. Kd1 Nxa1 14. Bxc7 Ra8
15. Qb7 Qc8 16. Qxc8+ Rxc8 17. Bb6 e5 18. dxe5 fxe5 19. Nxd5 Rc2 20. Nf6+ Ke7
21. Nd5+ Ke6 22. g3 Rxb2 23. Nc7+ Kf7 24. Bc4+ Kg6 25. Ne6 Ba4+ 26. Kc1 Ba3 27.
Bd4 Rc2+ 28. Kd1 exd4 29. exd4 Rc3+ 30. Ke1 Rc1+ 31. Ke2 Nxd4+ 32. Nxd4 Re8+ 33.
Kf3 Rxh1 34. Nf1 Rxf1 35. Bxf1 Rd8 36. Ne6 Bc6+ 37. Ke2 Rd6 38. Nf8+ Kg7 39. Nd7
Bxd7 40. f4 Re6+ 41. Kf3 g4+ 42. Kg2 Bc5 43. Bc4 Bc6+ 44. Kf1 Re4 45. Bd3 1-0

[Event "PinkSock"]
[Site "http://www.queenalice.com/game.php?id=1134417"]
[Date "2012.12.26"]
[Round "-"]
[White "emp_com"]
[Black "Scorch"]
[Result "1-0"]
[WhiteElo "1683"]
[BlackElo "1259"]

1. d4 d5 2. Nf3 c6 3. e3 Nf6 4. Be2 Nbd7 5. c4 e6 6. c5 b6 7. b4 Ne4 8. O-O Ndf6
9. h3 g5 10. Ne5 h5 11. Nxc6 Qd7 12. Bb5 a6 13. Qa4 Bb7 14. Ne5 Qxb5 15. Qxb5+
Ke7 16. f3 axb5 17. fxe4 Nxe4 18. Rxf7+ Ke8 19. Rxb7 Ra4 20. c6 Bxb4 21. c7 Nd6
22. Rb8+ Ke7 23. Rxh8 h4 24. c8=Q Nxc8 25. Rxc8 Ra7 26. Rg8 Bd6 27. Nc6+ Kf7 28.
Rd8 Rc7 29. Rxd6 b4 30. Nd2 b5 31. Nxb4 Ke7 32. Rxd5 Rd7 33. Rxg5 1-0

[Event "AUTO-BEG-566"]
[Site "http://www.queenalice.com/game.php?id=1134426"]
[Date "2012.12.26"]
[Round "1"]
[White "Amazona"]
[Black "Scorch"]
[Result "1-0"]
[WhiteElo "1720"]
[BlackElo "1238"]

1. e4 e5 2. Nf3 d6 3. d4 Nc6 4. dxe5 dxe5 5. Qxd8+ Kxd8 6. Bb5 a6 7. Bxc6 bxc6
8. Nxe5 Be6 9. Nxc6+ Kc8 10. Nc3 Nf6 11. Bg5 h6 12. Bxf6 gxf6 13. a3 Rb8 14. b4
Rb6 15. Nd4 c5 16. Na4 Rd6 17. Nf3 c4 18. Nc3 h5 19. O-O f5 20. e5 Rd7 21. Rfd1
Be7 22. Na4 Rxd1+ 23. Rxd1 Bd7 24. Nb6+ Kc7 25. Nxd7 Rd8 26. e6 fxe6 27. Nfe5
Bg5 28. Nf7 Rxd7 29. Rxd7+ Kxd7 30. Nxg5 e5 31. f3 Ke7 32. Kf2 Kf6 33. h4 1-0

[Event "AUTO-BEG-566"]
[Site "http://www.queenalice.com/game.php?id=1134427"]
[Date "2012.12.26"]
[Round "1"]
[White "Scorch"]
[Black "Amazona"]
[Result "0-1"]
[WhiteElo "1240"]
[BlackElo "1735"]

1. e4 e5 2. f3 Nf6 3. d4 exd4 4. Qxd4 Nc6 5. Qd2 Bb4 6. c3 Ba5 7. Na3 Bb6 8. Ne2
Bc5 9. Nc4 O-O 10. e5 Ne8 11. Qd5 Be7 12. f4 d6 13. Qe4 d5 14. Qd3 dxc4 15. Qxc4
Be6 16. Qe4 Qd5 17. Qxd5 Bxd5 18. b3 Bh4+ 19. Ng3 f6 20. c4 Be6 21. f5 Bxf5 22.
Be2 Bxg3+ 23. Kd1 Bxe5 24. g4 Be4 25. Rf1 Bxa1 26. Bf3 Rd8+ 27. Bd2 Bg6 28. h4
Bc3 29. Rf2 Bxd2 30. Rxd2 Rd4 31. h5 Bf7 32. Rxd4 Nxd4 33. Bxb7 Nd6 0-1

[Event "AUTO-BEG-566"]
[Site "http://www.queenalice.com/game.php?id=1134440"]
[Date "2012.12.26"]
[Round "1"]
[White "Jonatamachado"]
[Black "Scorch"]
[Result "1-0"]
[WhiteElo "1449"]
[BlackElo "1257"]

1. e4 e5 2. Nf3 d6 3. Bc4 d5 4. Bxd5 Qe7 5. O-O c6 6. Bb3 Be6 7. d3 f6 8. Be3
Nd7 9. h3 h6 10. Nc3 b5 11. d4 Nb6 12. dxe5 f5 13. Bxb6 axb6 14. exf5 Bxf5 15.
Nd4 b4 16. Nxf5 Qxe5 17. Re1 Qxe1+ 18. Qxe1+ Ne7 19. Nxe7 Bxe7 20. Na4 b5 21.
Nc5 Ra7 22. Rd1 Rf8 23. Qe6 Rf6 24. Qc8+ 1-0

[Event "AUTO-BEG-566"]
[Site "http://www.queenalice.com/game.php?id=1134441"]
[Date "2012.12.26"]
[Round "1"]
[White "Scorch"]
[Black "Jonatamachado"]
[Result "0-1"]
[WhiteElo "1242"]
[BlackElo "1271"]

1. e4 Nc6 2. f3 e5 3. d3 Bc5 4. Ne2 d6 5. c3 Nf6 6. b4 Bb6 7. h3 O-O 8. Nd2 Nh5
9. g4 Qh4+ 10. Ng3 Qxg3+ 11. Ke2 Qf2# 0-1

[Event "AUTO-BEG-566"]
[Site "http://www.queenalice.com/game.php?id=1134450"]
[Date "2012.12.26"]
[Round "1"]
[White "Scorch"]
[Black "sexgato"]
[Result "0-1"]
[WhiteElo "1249"]
[BlackElo "1421"]

1. e4 e5 2. f3 Bc5 3. Ne2 Ne7 4. c3 O-O 5. b4 Bb6 6. f4 exf4 7. Nxf4 d6 8. Bd3
Nec6 9. Nd5 Be6 10. Nxb6 cxb6 11. O-O Ne5 12. Be2 Nbc6 13. h3 d5 14. Bf3 dxe4
15. Bxe4 Ne7 16. g4 Bc4 17. Bxb7 Bxf1 18. Bxa8 Bxh3 19. Bf3 f5 20. d4 fxg4 21.
Bg2 Bxg2 22. Kxg2 Qd5+ 23. Kg3 Rf3+ 24. Kg2 h5 25. Nd2 Rxc3+ 26. Kf2 g3+ 27. Ke2
Qg2+ 28. Ke1 Nd3# 0-1

[Event "AUTO-BEG-566"]
[Site "http://www.queenalice.com/game.php?id=1134451"]
[Date "2012.12.26"]
[Round "1"]
[White "sexgato"]
[Black "Scorch"]
[Result "1-0"]
[WhiteElo "1412"]
[BlackElo "1249"]

1. d4 d5 2. Nc3 c6 3. Nf3 Nf6 4. Bg5 Bf5 5. Bxf6 gxf6 6. Nh4 Bh6 7. Nxf5 Bg5 8.
Ng7+ Kf8 9. Nf5 e6 10. Ng3 f5 11. e3 Nd7 12. Nh5 Rg8 13. Be2 Rc8 14. O-O b5 15.
b4 Nb6 16. Bf3 Na4 17. Nxa4 Qd6 18. Nc3 Qxb4 19. Ne2 Qb2 20. c3 b4 21. cxb4 Qxb4
22. Rb1 Qd6 23. Rb7 Ra8 24. Nc3 Rb8 25. Rxb8+ Ke7 26. Rxg8 f6 27. Ra8 Qb4 28.
Rxa7+ Kd6 29. Qc2 e5 30. dxe5+ fxe5 31. Rxh7 e4 32. Rb1 Qc4 33. Be2 Qc5 34. Rg7
Bh6 35. Rg6+ Kc7 36. Rxh6 d4 37. Rh7+ Kd6 38. Rh6+ Kc7 39. exd4 Qxd4 40. Rh7+
1-0

[Event "Leo_cx-2"]
[Site "http://www.queenalice.com/game.php?id=1139169"]
[Date "2013.1.10"]
[Round "3"]
[White "Philchess"]
[Black "Scorch"]
[Result "1-0"]
[WhiteElo "1532"]
[BlackElo "1236"]

1. d4 d5 2. e3 c6 3. c4 Nf6 4. Nc3 a6 5. Nf3 Ne4 6. Bd2 f5 7. Be2 Nxd2 8. Qxd2
h6 9. O-O Be6 10. c5 Nd7 11. b4 a5 12. bxa5 Rxa5 13. a4 g5 14. h3 Nxc5 15. dxc5
Rxc5 16. Qd4 Qa5 17. Qxh8 Qxc3 18. Qxc3 Rxc3 19. Nd4 Bf7 20. Nxf5 e6 21. Nd4 c5
22. Bb5+ Ke7 23. Nf3 Bg7 24. Rfd1 Rb3 25. Nd2 Rb4 26. Ra2 d4 27. exd4 Rxd4 28.
Bc4 e5 29. Bxf7 Kxf7 30. Rc1 e4 31. Rxc5 b6 32. Rb5 Rd6 33. Nxe4 Rd7 34. Rxb6
Ke7 35. g3 Rd4 36. Nc5 1-0

[Event "magalhaes_br"]
[Site "http://www.queenalice.com/game.php?id=1139590"]
[Date "2013.1.11"]
[Round "4"]
[White "Ederson"]
[Black "Scorch"]
[Result "0-1"]
[WhiteElo "1266"]
[BlackElo "1232"]

1. d4 d5 2. Nc3 c6 3. b4 e6 4. h4 g5 5. Bxg5 f6 6. Bf4 Nd7 7. Nf3 Bh6 8. e3 Bxf4
9. exf4 Ne7 10. Bd3 b6 11. h5 Nf5 12. Bxf5 exf5 13. g3 Qe7+ 14. Ne2 Ba6 15. O-O
Bxe2 16. Qe1 Bxf1 17. Kxf1 a5 18. c3 c5 19. bxc5 bxc5 20. c4 Nb6 21. Nd2 Nc8 22.
dxc5 O-O 23. cxd5 Rd8 24. d6 Qe8 25. Nc4 Qb5 26. Qc3 Qxc5 27. Qd3 Nxd6 28. Nd2
Nb5 29. Rc1 Qxc1+ 30. Ke2 Rxd3 31. Kxd3 Rd8+ 32. Ke3 Qxd2+ 33. Kf3 Nd4+ 34. Kg2
Qxa2 35. Kh3 Qxf2 36. g4 Rd5 37. g5 fxg5 38. fxg5 Qf4 39. g6 Qg4+ 40. Kh2 Nf3+
41. Kh1 Rd1# 0-1

[Event "DMS.com pls"]
[Site "http://www.queenalice.com/game.php?id=1160486"]
[Date "2013.3.12"]
[Round "-"]
[White "emp_com"]
[Black "Scorch"]
[Result "1-0"]
[WhiteElo "1680"]
[BlackElo "1218"]

1. d4 d5 2. Nf3 f6 3. Bf4 h6 4. h4 h5 5. Qd3 Nc6 6. Qg6+ Kd7 7. g3 Nb4 8. Bh3+
Kc6 9. Ne5+ Kb6 10. Nf7 Qe8 11. Na3 Nh6 12. Nxh8 Qxg6 13. Nxg6 e5 14. Bxh6 Bxh3
15. Nxf8 Rxf8 16. Bxg7 Rg8 17. Bxf6 Bf5 18. c3 Nc6 19. dxe5 Rf8 20. O-O-O Nd8
21. Rxd5 Be6 22. Rxd8 Rxd8 23. Bxd8 Bxa2 24. Rd1 a5 25. Rd6+ Ka7 26. Bxc7 b6 27.
Nb5+ Ka6 28. Rxb6# 1-0

[Event "Leo_cx-2"]
[Site "http://www.queenalice.com/game.php?id=1175899"]
[Date "2013.4.27"]
[Round "4"]
[White "Scorch"]
[Black "wwsd"]
[Result "1-0"]
[WhiteElo "1205"]
[BlackElo "1240"]

1. e4 e5 2. f3 Bc5 3. Ne2 Nf6 4. d4 exd4 5. Nxd4 O-O 6. Be3 d6 7. c3 b6 8. b4
Bxd4 9. Bxd4 Bb7 10. Nd2 Nc6 11. Bxf6 Qxf6 12. h4 Qxc3 13. Rc1 Qa3 14. Rc2 Nxb4
15. Rc4 Nxa2 16. Rxc7 Qe3+ 17. Be2 Nc3 18. Rxc3 Rae8 19. Rxe3 Rc8 20. g4 Rc5 21.
O-O a5 22. g5 f6 23. f4 Bc8 24. h5 Be6 25. f5 Bd7 26. g6 Rfc8 27. Qb3+ d5 28.
exd5 Bxf5 29. d6+ Kf8 30. Qf7# 1-0

[Event "Dead giveaway"]
[Site "http://www.queenalice.com/game.php?id=1180280"]
[Date "2013.5.10"]
[Round "-"]
[White "Scorch"]
[Black "emp_com"]
[Result "0-1"]
[WhiteElo "1209"]
[BlackElo "1702"]

1. d4 d5 2. e3 Nc6 3. Bb5 Bd7 4. Nf3 a6 5. Bxc6 Bxc6 6. Nc3 f6 7. e4 dxe4 8. Nd2
e6 9. f3 f5 10. fxe4 Bxe4 11. Ndxe4 Bb4 12. Bd2 fxe4 13. Nxe4 Qxd4 14. c3 Qxe4+
15. Kf2 Bc5+ 16. Kf1 Nf6 17. Qf3 O-O 18. b4 Ng4 19. h3 Rxf3+ 20. gxf3 Qxf3+ 21.
Ke1 Qxh1+ 22. Ke2 Qxa1 0-1

[Event "Sniff jenkem"]
[Site "http://www.queenalice.com/game.php?id=1199074"]
[Date "2013.7.12"]
[Round "-"]
[White "emp_com"]
[Black "Scorch"]
[Result "1-0"]
[WhiteElo "1722"]
[BlackElo "1222"]

1. e4 e5 2. d4 Bd6 3. Ne2 Nh6 4. d5 c6 5. g3 f5 6. Nec3 fxe4 7. Nxe4 Be7 8. dxc6
bxc6 9. Bxh6 gxh6 10. Qh5+ Kf8 11. Qxe5 d5 12. Qxh8+ Kf7 13. Qxh7+ Ke6 14. Qxh6+
Kd7 15. Ned2 Na6 16. c3 Rb8 17. b3 Qf8 18. Qh7 Nc5 19. c4 Ba6 20. cxd5 Bxf1 21.
Kxf1 cxd5 22. Nc3 Kd6 23. Qh5 Qf6 24. Qxd5+ Kc7 25. Qxc5+ Bxc5 26. Nd5+ Kd6 27.
Nxf6 Ke5 28. Nd7+ Kd6 29. Nxb8 Kd5 30. Re1 1-0

[Event "Leo_cx-2"]
[Site "http://www.queenalice.com/game.php?id=1208736"]
[Date "2013.8.16"]
[Round "5"]
[White "Rijo"]
[Black "Scorch"]
[Result "1-0"]
[WhiteElo "1655"]
[BlackElo "1216"]

1. e4 e5 2. Nf3 f6 3. d4 d6 4. Nc3 c6 5. Bc4 Ne7 6. d5 c5 7. Be3 a6 8. a3 Bg4 9.
b4 b6 10. h3 Bh5 11. g4 Bg6 12. bxc5 bxc5 13. h4 h5 14. g5 f5 15. exf5 Nxf5 16.
Qb1 Qa5 17. Bd2 Nd4 18. Nxd4 Bf7 19. Ne4 Qd8 20. Nf5 g6 21. Nfxd6+ Bxd6 22. Nf6+
Kf8 23. Qb7 Nc6 24. Qxc6 Be8 25. Nxe8 Qxe8 26. Qxd6+ Qe7 27. Qxg6 Qg7 28. Qxg7+
Kxg7 29. f4 e4 30. f5 Rhf8 31. f6+ Kg6 32. O-O-O Rae8 33. Rde1 a5 34. a4 e3 35.
Bxe3 Rf7 36. Bxc5 Rc8 37. d6 Rxc5 38. Bd3+ Rf5 39. Bxf5+ Kxf5 40. Rhf1+ Kg6 41.
Re7 Rf8 42. d7 Rd8 43. f7 Kg7 44. f8=Q+ 1-0

[Event "Poop"]
[Site "http://www.queenalice.com/game.php?id=1216257"]
[Date "2013.9.11"]
[Round "-"]
[White "Scorch"]
[Black "emp_com"]
[Result "0-1"]
[WhiteElo "1220"]
[BlackElo "1724"]

1. e4 c5 2. Bc4 Nc6 3. Nf3 d6 4. d4 cxd4 5. Ng5 Ne5 6. Qxd4 e6 7. f4 Nxc4 8.
Qxc4 h6 9. Qa4+ Bd7 10. Qb4 hxg5 11. O-O d5 12. Qxb7 dxe4 13. Be3 gxf4 14. Bxf4
Rc8 15. Qxe4 Qh4 16. g3 Qxh2# 0-1

[Event "Deuce steam"]
[Site "http://www.queenalice.com/game.php?id=1221331"]
[Date "2013.10.1"]
[Round "-"]
[White "Scorch"]
[Black "emp_com"]
[Result "0-1"]
[WhiteElo "1218"]
[BlackElo "1726"]

1. e4 c5 2. Na3 e6 3. b3 Qf6 4. c3 a6 5. c4 Qxa1 6. Nc2 Qxa2 7. Na3 Qa1 8. Bd3
Qe5 9. Nf3 Qc7 10. e5 d6 11. O-O dxe5 12. Qe2 Bd6 13. Bb2 f6 14. g4 Nc6 15. Bc3
Nd4 16. Nxd4 exd4 17. Bb2 Bxh2+ 18. Kh1 Bf4 19. Rd1 e5 20. f3 h5 21. Rg1 hxg4+
22. Kg2 Rh2+ 23. Kf1 Rxe2 24. Kxe2 g3 25. Kf1 Bh3+ 26. Ke1 g2 0-1

[Event "fuck you"]
[Site "http://www.queenalice.com/game.php?id=1240092"]
[Date "2013.12.14"]
[Round "-"]
[White "emp_com"]
[Black "Scorch"]
[Result "1-0"]
[WhiteElo "1728"]
[BlackElo "1214"]

1. d4 d5 2. Nf3 f6 3. Nc3 c6 4. e4 e6 5. e5 Nd7 6. Qe2 g5 7. exf6 Ngxf6 8. Qxe6+
Be7 9. Nxg5 Nb6 10. Qf7+ Kd7 11. Ne6 Qg8 12. Qxg8 Rxg8 13. Nf4 a5 14. a4 Kd6 15.
Bd3 c5 16. dxc5+ Kc7 17. cxb6+ Kxb6 18. Nfxd5+ Kc6 19. Nxe7+ Kd7 20. Nxg8 Nxg8
21. Bxh7 Nf6 22. Bf5+ Kd8 23. Bxc8 Rxc8 24. O-O Rc5 25. Re1 Kc7 26. Be3 1-0